Statistics for Clash Royale: 15 Troops With the Most HP

Click here to take the quiz!

General Stats

  • This quiz has been taken 997 times
  • The average score is 4 of 15

Answer Stats

Hint Answer % Correct
4,256 HPGolem
97%
3,458 HPP.E.K.K.A.
78%
3,344 HPGiant
63%
3,000 HPLava Hound
53%
2,660 HPGiant Skeleton
31%
2,544 HPRoyal Giant
27%
1,548 HPValkyrie
14%
1,596 HPBowler
13%
1,463 HPPrince
12%
1,399 HPKnight
12%
1,396 HPBalloon
10%
1,408 HPHog Rider
9%
1,200 HPSparky
9%
1,100 HPIce Golem
6%
1,064 HPBaby Dragon
6%

Score Distribution

Percentile by Number Answered

Percent of People with Each Score

Your Score History

You have not taken this quiz